| 000 | 00000nam##2200000za#4500 |
| 001 | 9.612917 |
| 003 | CaOODSP |
| 005 | 20200327125803 |
| 007 | ta |
| 008 | 150406|1995||||xxc||||| f|0| 0 eng|d |
| 020 | |a0-660-16426-4 |
| 040 | |aCaOODSP|beng |
| 043 | |an-cn--- |
| 086 | 1 |aEn49-24/1-30E |
| 110 | 1 |aCanada. |bEnvironment Canada. |bEnvironmental Protection Service. |
| 245 | 10|aGuidance document on measurement of toxicity test precision using control sediments spiked with a reference toxicant / |cPrepared by Ecological Services for Planning Ltd. Issued by the Environmental Technology Advancement Directorate. |
| 260 | |aOttawa - Ontario : |bEnvironment Canada. |c1995. |
| 300 | |axxiii, 56p. : |bgraph, references, tables ; |c28 cm. |
| 490 | 1 |aEnvironmental Protection series. [Reference methods]|vEPS 1/RM/30 |
| 500 | |a"This report provides guidance and recommendations for the selection of a reference toxicant, spiking procedures, and use of control sediments for assessing changes in sensitivity of test organisms to toxicants and measuring precision of both intra and inter-laboratory spiked sediment toxicity tests."--Abstract. |
| 520 | 3 |aThis report provides guidance and recommendations for the selection of a reference toxicant, spiking procedures, and use of control sediments for assessing changes in sensitivity of test organisms to toxicants and measuring precision of both intra and inter-laboratory spiked sediment toxicity tests.--Abstract |
| 563 | |aSoftcover |
| 590 | |a96-15|b1996-04-12 |
| 690 | 07|aWater pollution|2gcpds |
| 776 | 0#|tGuidance document on measurement of toxicity test precision using control sediments spiked with a reference toxicant / |w(CaOODSP)9.579584 |
| 830 | #0|aEnvironmental Protection series. [Reference methods]|vEPS 1/RM/30|w(CaOODSP)9.514590 |